| 000 | 004160000a22001690004500 | ||
|---|---|---|---|
| 003 | MACL | ||
| 005 | 20160110160306.0 | ||
| 008 | 160110b xxu||||| |||| 00| 0 eng d | ||
| 040 |
_aMACL _cMACL |
||
| 041 | _aEnglish | ||
| 082 | _a923.2/GAN | ||
| 100 |
_aGandhi M K _98264 |
||
| 245 | _aMan V. Machine | ||
| 260 |
_bBhartiya vidhya Bhavan _c1966 _aBombay |
||
| 650 |
_aBiography _931059 |
||
| 942 |
_cBK _k923.2/Gan _2ddc |
||
| 999 |
_c35892 _d35892 |
||